Music Quiz

Random Music or Bands Quiz

Lead Singer Match: Classic Rock Quiz Stats

Quiz Updated Aug 29, 2015

Also try: Band Mates
Challenge
Share
Tweet
Score 0/30 Timer 04:00
0 Plays Today
% Correct
Mick Jagger
97.3%
Freddie Mercury
97.3%
Steven Tyler
95.6%
Ozzy Osbourne
95.4%
Jim Morrison
93.7%
Robert Plant
89.5%
Ann Wilson
80.8%
Jerry Garcia
80.4%
John Fogerty
76.1%
Chrissie Hynde
71.2%
Steve Perry
70.8%
Mark Knopfler
70.4%
Lou Reed
67.4%
Grace Slick
67.4%
Ronnie Van Zant
64.1%
% Correct
Geddy Lee
60.9%
Ray Davies
58.6%
Peter Cetera
54.9%
Eric Burdon
51.2%
Steve Winwood
50.6%
Jack Bruce
49.5%
Jeff Lynne
48.9%
Ian Anderson
48.6%
Joe Elliott
42%
Donald Fagen
40.9%
Ian Gillan
38.9%
Lou Gramm
36.2%
Brad Delp
33.2%
Burton Cummings
31.4%
Roger Hodgson
28%

You're not logged in!

Compare scores with friends on all Sporcle quizzes.
Sign Up with Email
OR
Log In

You Might Also Like...

Show Comments

Extras

Top Quizzes Today


Score Distribution

Your Account Isn't Verified!

In order to create a playlist on Sporcle, you need to verify the email address you used during registration. Go to your Sporcle Settings to finish the process.